Famous People Born in December Quiz Stats

 Plays Quiz Updated Apr 27, 2018

Challenge
Share
Tweet
Score 0/30 Timer 07:00
8 Plays Today
Day of birth Person % Correct
Brad Pitt
91.5%
Britney Spears
88.5%
Taylor Swift
88.3%
Ozzy Osbourne
84.9%
Woody Allen
76.6%
Samuel L. Jackson
76%
Denzel Washington
75.2%
Frank Sinatra
71.6%
Joseph Stalin
71.1%
Pope Francis
70.4%
Nicki Minaj
68%
LeBron James
67.8%
Walt Disney
64.7%
Ludwig van Beethoven
63.9%
Tyra Banks
63%
Day of birth Person % Correct
Jim Morrison
61.7%
Dick Van Dyke
60.5%
Ryan Seacrest
60.3%
Mao Zedong
59.7%
Ted Danson
55.4%
Stan Lee
54.9%
Humphrey Bogart
54.6%
Ricky Martin
54.4%
Jake Gyllenhaal
53.5%
Raven-Symoné
52.7%
John Denver
49.5%
Frank Zappa
41.4%
Manny Pacquiao
33.3%
Bobby Flay
33%
Louis Tomlinson
25%

You're not logged in!

Compare scores with friends on all Sporcle quizzes.
OR
Log In

You Might Also Like...

Show Comments

Extras

Top Quizzes Today


Score Distribution

Your Account Isn't Verified!

In order to create a playlist on Sporcle, you need to verify the email address you used during registration. Go to your Sporcle Settings to finish the process.

Report this User

Report this user for behavior that violates our Community Guidelines.

Details: